Personnages fictifs commençant par la lettre G - Statistiques

Statistiques générales
  • Ce quiz a été pris 102 fois
  • Le résultat moyen est 19 sur 30
Statistiques - réponses
Par images Réponse % Correct
Garfield
98%
Gargamel
97%
Grinch
96%
Gaston
93%
Gus
93%
Gandalf
90%
Gollum
90%
Grincheux
90%
Génie
87%
Godzilla
81%
Gaston lagaffe
80%
Groot
79%
Gru
79%
Gepetto
78%
Goldorak
78%
Grosminet
75%
Goku
74%
Ginny Weasley
66%
Gremlins
63%
Georges Weasley
58%
Gamora
51%
Galadriel
47%
George de la jungle
33%
Geronimo Stilton
20%
Grand-Mère Feuillage
19%
Garçons perdus
14%
Gally
11%
Grabouillon
9%
Grand Coquin
9%
Gouverneur Ratcliffe
1%
Aucun quiz correspondant
Distribution des résultats
% des personnes avec chaque résultat
Percentile par nombre de réponses
Votre historique - résultats
Vous n’avez pas pris ce quiz